The Case for Subsidising Extra Jobs (Registro nro. 26528)
[ vista simple ]
| 000 -LEADER | |
|---|---|
| fixed length control field | 00354 a2200121 4500 |
| 001 - CONTROL NUMBER | |
| control field | ART_12635 |
| 005 - DATE AND TIME OF LATEST TRANSACTION | |
| control field | 20260410161908.0 |
| 008 - FIXED-LENGTH DATA ELEMENTS--GENERAL INFORMATION | |
| fixed length control field | 260409a |
| 100 1# - MAIN ENTRY--PERSONAL NAME | |
| Personal name | Nickell, S. J. |
| 245 10 - TITLE STATEMENT | |
| Title | The Case for Subsidising Extra Jobs |
| 700 1# - ADDED ENTRY--PERSONAL NAME | |
| Personal name | Layard, P. R. G. |
| 773 0# - HOST ITEM ENTRY | |
| Title | The Economic Journal |
| Related parts | - Vol. 90, Nº 357 (mar. 1980) |
| Record control number | REV12512 |
No hay ítems disponibles.